000 00747nam a22001577a 4500
020 _a0195684583
082 _a302.230954
100 _aUday Sahay (Ed)
245 _aMaking news handbook of the media in contemporary India
260 _aNew Delhi
_bOxford university press
_c2006.
300 _a282p
942 _cBK
999 _c2848
_d2848